000
00323nam a2200145Ia 4500
005
20250603145100.0
008
250603s9999 xx 000 0 und d
050
_a
KP 132 .N5/
245
0
_a
Hire purchase and sales of goods
260
_a
Lagos
260
_b
princton
260
_c
2010
650
_a
Lagos
942
_c
BK
999
_c
40816
_d
40816